ბათუმის შოთა რუსთაველის სახელმწიფო უნივერსიტეტის ბიბლიოთეკა

Opting Out of the European Union : (ბიბ.ჩანაწერი № 53715)

000 -LEADER
fixed length control field 01003nam a2200253Ia 4500
001 - CONTROL NUMBER
control field 20763
003 - CONTROL NUMBER IDENTIFIER
control field GE_BSU
005 - DATE AND TIME OF LATEST TRANSACTION
control field 20221110142324.0
008 - FIXED-LENGTH DATA ELEMENTS--GENERAL INFORMATION
fixed length control field 181216s2015||||enk|||||||||||||| ||eng||
020 ## - INTERNATIONAL STANDARD BOOK NUMBER
International Standard Book Number 9781107618343x
040 ## - CATALOGING SOURCE
Transcribing agency GE_BSU
041 ## - LANGUAGE CODE
Language code of text/sound track or separate title eng
080 ## - UNIVERSAL DECIMAL CLASSIFICATION NUMBER
Universal Decimal Classification number 327(4) : 341.217(4) A-31
100 ## - MAIN ENTRY--PERSONAL NAME
Personal name Adler-Nissen, Rebecca
9 (RLIN) 10995
245 ## - TITLE STATEMENT
Title Opting Out of the European Union :
Remainder of title Diplomacy, Sovereignty and European Integration /
Statement of responsibility, etc. Rebecca Adler-Nissen.
264 ## - PRODUCTION, PUBLICATION, DISTRIBUTION, MANUFACTURE, AND COPYRIGHT NOTICE
Place of production, publication, distribution, manufacture Cambridge :
Name of producer, publisher, distributor, manufacturer Cambridge University Press,
Date of production, publication, distribution, manufacture, or copyright notice 2014.
300 ## - PHYSICAL DESCRIPTION
Extent 253 p. ;
Dimensions 23 cm.
500 ## - GENERAL NOTE
General note Bibl. : p.218-241, Index. : p.242-253
653 ## - INDEX TERM--UNCONTROLLED
keyword ევროკავშირიდან : დიპლომატია, სუვერენიტეტი და ევროპული ინტეგრაცია
653 ## - INDEX TERM--UNCONTROLLED
keyword დიპლომატია
653 ## - INDEX TERM--UNCONTROLLED
keyword სუვერენიტეტი
653 ## - INDEX TERM--UNCONTROLLED
keyword ევროპული ინტეგრაცია
942 ## - ADDED ENTRY ELEMENTS (KOHA)
Koha item type წიგნი
Source of classification or shelving scheme
ეგზემპლარები
Withdrawn status Lost status Source of classification or shelving scheme Damaged status Not for loan Permanent Location Current Location Shelving location Date acquired Cost, normal purchase price Full call number Barcode Date last seen Copy number Price effective from Koha item type Public note
          ბათუმის შოთა რუსთაველის სახელმწიფო უნივერსიტეტის მთავარი ბიბლიოთეკა ბათუმის შოთა რუსთაველის სახელმწიფო უნივერსიტეტის მთავარი ბიბლიოთეკა წიგნსაცავი 2018-12-17 80.00 327(4) : 341.217(4) A-31 54111 2018-12-17 54111 2018-12-17 წიგნი 80.00 GEL.
          ბათუმის შოთა რუსთაველის სახელმწიფო უნივერსიტეტის მთავარი ბიბლიოთეკა ბათუმის შოთა რუსთაველის სახელმწიფო უნივერსიტეტის მთავარი ბიბლიოთეკა წიგნსაცავი 2018-12-17 80.00 327(4) : 341.217(4) A-31 54112 2018-12-17 54112 2018-12-17 წიგნი 80.00 GEL.